000
00210nam a2200085Ia 4500
008
170617s9999 xx 000 0 und d
100
_a
WILLARD- HOBART
245
0
_a
INSTRUMENTAL METHODS OF ANAYSIS
260
_b
N. DELHI- CBS
260
_c
2009
999
_c
15910
_d
15910